000
00324 a2200133 4500
005
20250629112220.0
020
_a
978-1-4739-1952-5
082
_a
658.82 BRO
100
_a
BROWN, S
245
_a
Brands and Branding
260
_a
Los Angeles
_b
SAGE
_c
2016.
300
_a
xi, 282p.: ill.; figures
_b
Index
_c
24cm
942
_2
ddc
_c
BKS
999
_c
6285
_d
6285